00853cam a2200169 450000500170000000800410001702000150005805000220007324503940009525000110048926000470050030000300054750600250057765000410060265100060064370000340064920250912123757.0060113s2000 ar 000 0 spa u a987517028304aHV9128 bM46 200000aMenores Infractores y libertad asistida b : los cinco puntos : los menores de edad y el derecho, Derecho de menores, El menor y la infracción penal, Programa grupal de libertad asistida, El menor derivado, Conceptualización de la práctica, Por qué el psicoanálisis c / Hector Á. Raffo, Ascención M. Iglesias, Rafael E. Gamas, Rosa E. Sánchez ; prólogo de Rafael Sajón a1a ed. aBuenos Aires : bEdiciones La Rocca,c2000 a208 p. ; bil. ; c23 cm. aRecursos de la D.G.B 72lembaDelicuencia juvenilzArgentina a 1 aSajón, Rafael,eprologuista